000 00720nmc a2200277 a 4500
003 AR-BaBNM
005 20251128210122.0
008 049019s1998 ||||||||||||||000 | spa||
020 _a958-04-1267-7
040 _cAR-BaBNM
100 1 _aKropp, Paul
245 1 0 _aEl "lunático" y su hermana libertad
260 _aSantafé de Bogotá
_bNorma
_c1998
300 0 _a239 p.
490 0 _aTorre de papel. Verde
_vv. 3
650 4 _aLIBROS PARA NINOS
650 4 _aLITERATURA INFANTIL
650 4 _aADOLESCENTES
650 4 _aHUMOR
650 4 _aLITERATURA CANADIENSE
653 _aCRITICA SOCIAL
655 _aLITERATURA
700 1 _aRavassa, María del Mar
_etraductor
942 _cBK
998 _cMARTIN
999 _c14120
_d14120